Logo BPK

Bibliografia Prac Pracowników

Politechniki Koszalińskiej

Ceramika obrabialna mechanicznie do zastosowań próżniowych i technologia lutowania jej z metalami. (Rekord nr 2105)

Szczegóły MARC
000 -ETYKIETA REKORDU
podpole kontrolne o stałej długości 00978nam a2200205 i 4500
001 - NUMER KONTROLNY REKORDU
podpole kontrolne BPP
003 - IDENTYFIKATOR NUMERU KONTROLNEGO REKORDU
podpole kontrolne BPK
005 - DATA OSTATNIEJ MODYFIKACJI REKORDU
podpole kontrolne 20171115132330.0
008 - POLE O STAŁEJ DŁUGOŚCI - DANE KONTROLNE
podpole kontrolne o stałej długości 140610s1979 pl f |000 0 pol
040 ## - ŹRÓDŁO KATALOGOWANIA
Instytucja, która utworzyła rekord BPK
080 ## - UNIWERSALNA KLASYFIKACJA DZIESIĘTNA - UKD
UKD 666.3/.7
100 ## - NAZWA OSOBOWA
Nazwa osobowa STERMA, Franciszek.
Lata pracy 1978 - 1996.
Instytucja Wyższa Szkoła Inżynierska w Koszalinie - Instytut Inżynierii Materiałowej,
Wydział Zakład Chemii Fizycznej
245 ## - TYTUŁ/ODPOWIEDZIALNOŚĆ
Tytuł Ceramika obrabialna mechanicznie do zastosowań próżniowych i technologia lutowania jej z metalami.
Oznaczenie części/sekcji dzieła Etap 1,
Tytuł części/sekcji dzieła Rozpoznanie literaturowe i techniczne /
Pozostałe elementy strefy tytułu i oznaczenia odpowiedzialności Franciszek Sterma.
260 ## - STREFA ADRESU WYDAWNICZEGO
Miejsce wydania Koszalin,
Data publikacji, dystrybucji/powstania dokumentu 1979.
500 ## - UWAGI OGÓLNE
Tekst uwagi Dane z autopsji.
520 ## - UWAGA DOTYCZĄCA TREŚCI DOKUMENTU
Analiza dokumentacyjna, adnotacja itp. Przeprowadzono literaturową i techniczną analizę tworzyw do zastosowań w urządzeniach próżniowych przy uwzględnieniu wymagań technicznych stawianych przez zleceniodawcę i wstępnie wytypowano materiały do dalszych badań w drugim etapie.
650 #0 - HASŁO PRZEDMIOTOWE W FORMIE NAZWY OGÓLNEJ LUB JEDNOSTKOWEJ
Nazwa ogólna lub geograficzna Ceramika.
650 #0 - HASŁO PRZEDMIOTOWE W FORMIE NAZWY OGÓLNEJ LUB JEDNOSTKOWEJ
Nazwa ogólna lub geograficzna Lutowanie.
942 ## - HASŁO DODATKOWE - ELEMENTY(KOHA)
Typ dokumentu Materiały nieopublikowane
Schemat klasyfikacji Uniwersalna klasyfikacja dziesiętna
Egzemplarze
Wycofany Zagubiony Uszkodzony Dostępność Lokalizacja stała Lokalizacja bieżąca Sygnatura Typ dokumentu
      Dostępny Bibliografia Prac Pracowników - BPK Bibliografia Prac Pracowników - BPK NB-25/I Materiały nieopublikowane
© 2014 Biblioteka Politechniki Koszalińskiej :: BIBLIOGRAFIA PRAC PRACOWNIKÓW